Central Library OPAC University of Rajshahi

Kinetics of fast enzyme reactions : (Record no. 10731)

MARC details
000 -LEADER
fixed length control field 00847cam a2200277 i 4500
001 - CONTROL NUMBER
control field 10731
003 - CONTROL NUMBER IDENTIFIER
rucl marc code BD-RjUL
005 - DATE AND TIME OF LATEST TRANSACTION
control field 20211208235015.0
008 - FIXED-LENGTH DATA ELEMENTS--GENERAL INFORMATION
fixed length control field 140125s1979 ja a b 001 0 eng
020 ## - INTERNATIONAL STANDARD BOOK NUMBER
International Standard Book Number 0470268662
035 ## - SYSTEM CONTROL NUMBER
System control number (BD-RjUL)10780
040 ## - CATALOGING SOURCE
Original cataloging agency DLC
Transcribing agency DLC
Modifying agency DLC
-- BD-RjUL
Language of cataloging eng
041 ## - LANGUAGE CODE
Language code of text/sound track or separate title eng
082 00 - DEWEY DECIMAL CLASSIFICATION NUMBER
Classification number 547.758
Author mark and year HIK 1979
100 1# - MAIN ENTRY--PERSONAL NAME
Personal name Hiromi, Keitarō,
Dates associated with a name 1926-
9 (RLIN) 33192
245 10 - TITLE STATEMENT
Title Kinetics of fast enzyme reactions :
Remainder of title theory and practice /
Statement of responsibility, etc. by Keitaro Hiromi.
260 ## - PUBLICATION, DISTRIBUTION, ETC. (IMPRINT)
Place of publication, distribution, etc. Tokyo :
Name of publisher, distributor, etc. Kodansha Ltd. ;
Place of publication, distribution, etc. New York :
Name of publisher, distributor, etc. Wiley,
Date of publication, distribution, etc. c1979.
300 ## - PHYSICAL DESCRIPTION
Pagination x, 346 p. :
Illustrations ill. ;
Size 24 cm.
500 ## - GENERAL NOTE
General note "A Halsted Press book."
504 ## - BIBLIOGRAPHY, ETC. NOTE
Bibliography, etc Includes bibliographical references and index.
650 #0 - SUBJECT ADDED ENTRY--TOPICAL TERM
Topical term or geographic name as entry element Enzymes.
9 (RLIN) 32271
Topical term or geographic name as entry element Chemical kinetics.
9 (RLIN) 33193
942 ## - ADDED ENTRY ELEMENTS (KOHA)
Source of classification or shelving scheme Dewey Decimal Classification
Koha item type Books
Holdings
Lost status Source of classification or shelving scheme Damaged status Not for loan Collection code Permanent Location Current Location Shelving location Date acquired Source of acquisition Cost, normal purchase price Total Checkouts Full call number Date last seen Copy number Koha item type
  Dewey Decimal Classification     Non-fiction Central Library, University of Rajshahi Central Library, University of Rajshahi   04/10/1983 Tulip Enter. Dhaka 82.45   547.758 HIK 1979 25/01/2014 C-2 Books
  Dewey Decimal Classification   Not For Loan Non-fiction Central Library, University of Rajshahi Central Library, University of Rajshahi Reading Room 04/10/1983 Tulip 42.50   547.758 HIK 1979 11/04/2017 C-1 Books
  Dewey Decimal Classification     Non-fiction Central Library, University of Rajshahi Central Library, University of Rajshahi   04/10/1983 Tulip Ent. 82.00   547.758 HIK 1979 16/05/2017 C-3 Books